[Event "Copenhagen Chess Challenge 2017"]
[Site "Ballerup"]
[Date "2017.05.14"]
[Round "9.25"]
[White "Nielsen, Thomas Bach"]
[Black "Fossan, Andreas"]
[Result "1/2-1/2"]
[WhiteElo "2163"]
[BlackElo "1994"]
[PlyCount "113"]
[EventDate "2017.05.10"]

1. f4 g6 2. Nf3 Bg7 3. e4 d5 4. exd5 Qxd5 5. Nc3 Qa5 6. Bc4 Nh6 7. d4 O-O 8.
O-O Bg4 9. Nd5 c6 10. Ne3 Bxf3 11. Rxf3 e6 12. c3 Nd7 13. g4 Rad8 14. b4 Qc7
15. Qe1 Nb6 16. Qh4 Nxc4 17. Nxc4 f5 18. g5 Nf7 19. Rh3 h5 20. gxh6 Nxh6 21.
Qg5 Qf7 22. Rxh6 Bxh6 23. Qxh6 Qg7 24. Qxg7+ Kxg7 25. Ne5 Rh8 26. Nf3 Kf7 27.
Be3 Ra8 28. a4 a6 29. a5 Rac8 30. Kf2 Ke7 31. Rg1 Rcg8 32. Ke2 Rh3 33. Bf2 Rh6
34. Bh4+ Kd6 35. c4 Rgh8 36. Bf6 Rg8 37. h4 Rc8 38. Ne5 Kc7 39. Bg5 Rh7 40.
Nxg6 Rg8 41. Ne5 Rxh4 42. Kf2 Rh2+ 43. Rg2 Rh1 44. Be7 Rxg2+ 45. Kxg2 Rd1 46.
Bc5 Rb1 47. Kg3 Rh1 48. Nf7 Rc1 49. Ng5 Kd7 50. Nh7 Ke8 51. Nf6+ Kd8 52. Kh4
Rxc4 53. Kg5 Rc1 54. Nh5 Kd7 55. Kf6 Rh1 56. Ng7 Re1 57. Nh5 1/2-1/2

[Event "Copenhagen Chess Challenge 2017"]
[Site "Ballerup"]
[Date "2017.05.14"]
[Round "9.26"]
[White "Adinolfi, Vincenzo"]
[Black "Nielsen, Carsten Juul"]
[Result "1-0"]
[WhiteElo "2108"]
[BlackElo "1897"]
[PlyCount "69"]
[EventDate "2017.05.10"]

1. d4 Nf6 2. c4 e6 3. g3 d5 4. Bg2 Be7 5. Nc3 O-O 6. Nf3 Nbd7 7. cxd5 exd5 8.
O-O c6 9. a3 a5 10. Qc2 Re8 11. Rb1 Nb6 12. Ne5 Nfd7 13. Rd1 Bd6 14. f4 f6 15.
Nd3 Nf8 16. e4 dxe4 17. Nxe4 Bc7 18. Ndc5 Nd5 19. b4 b6 20. Nd3 Bf5 21. Ndf2
Qd7 22. Bd2 axb4 23. axb4 Kh8 24. Rbc1 Re6 25. Qb3 Qe8 26. Nc3 Ne3 27. Bxe3
Rxe3 28. Qc4 Bd7 29. d5 cxd5 30. Nxd5 Be6 31. Qxc7 Rc8 32. Qe7 Qxe7 33. Nxe7
Re8 34. Nd5 Re2 35. Nc7 1-0

[Event "Copenhagen Chess Challenge 2017"]
[Site "Ballerup"]
[Date "2017.05.14"]
[Round "9.27"]
[White "Hansen, Mads"]
[Black "Nielsen, Thomas (1975)"]
[Result "1-0"]
[WhiteElo "2440"]
[BlackElo "1916"]
[PlyCount "51"]
[EventDate "2017.05.10"]

1. e4 c6 2. d4 d5 3. e5 Bf5 4. Nf3 e6 5. Be2 Bb4+ 6. c3 Ba5 7. Qb3 Qc8 8. Nh4
Bg6 9. O-O Nd7 10. Be3 Bc7 11. Nd2 Ne7 12. f4 f6 13. Nxg6 hxg6 14. Nf3 Nf5 15.
Bf2 Nf8 16. Bd3 Bb6 17. c4 Qd7 18. c5 Bd8 19. Qc2 Bc7 20. b4 O-O-O 21. Rab1
fxe5 22. dxe5 d4 23. b5 Ne3 24. bxc6 Qxc6 25. Bxe3 dxe3 26. Bb5 1-0

[Event "Copenhagen Chess Challenge 2017"]
[Site "Ballerup"]
[Date "2017.05.14"]
[Round "9.28"]
[White "Andersen, Kim Nyvang"]
[Black "Oltzen, Samuel"]
[Result "1-0"]
[WhiteElo "2011"]
[BlackElo "1914"]
[PlyCount "85"]
[EventDate "2017.05.10"]

1. d4 Nf6 2. c4 e6 3. Nc3 Bb4 4. e3 O-O 5. Bd3 c6 6. Nf3 d5 7. O-O Nbd7 8. Qc2
Re8 9. Ne5 Nxe5 10. dxe5 dxc4 11. Bxc4 Nd5 12. Ne4 Be7 13. a3 Qc7 14. f4 Bd7
15. Bd2 Rac8 16. Rf3 b5 17. Bd3 c5 18. Nd6 Bxd6 19. Bxh7+ Kf8 20. exd6 Qxd6 21.
e4 Ne7 22. Rd1 Nc6 23. e5 Qe7 24. Rh3 Nd4 25. Qd3 Bc6 26. Be4 Qb7 27. Bxc6 Qxc6
28. Qh7 Nf5 29. g4 Nh6 30. f5 Qe4 31. Re1 Qd4+ 32. Be3 Qxe5 33. Rxh6 Qxb2 34.
f6 gxf6 35. g5 fxg5 36. Rg6 Qc3 37. Rg8+ Ke7 38. Bxg5+ Kd6 39. Rd1+ Kc6 40.
Rxe8 Rxe8 41. Qxf7 Qh8 42. Qd7+ Kb6 43. Rd6+ 1-0

[Event "Copenhagen Chess Challenge 2017"]
[Site "Ballerup"]
[Date "2017.05.14"]
[Round "9.29"]
[White "Harstad, Christian"]
[Black "Marthedal, Anton Mehmet Yildiz"]
[Result "0-1"]
[WhiteElo "1979"]
[BlackElo "1855"]
[PlyCount "44"]
[EventDate "2017.05.10"]

1. d4 d5 2. c4 dxc4 3. e4 Nf6 4. e5 Nd5 5. Bxc4 Nb6 6. Bb3 Nc6 7. Be3 Bf5 8.
Nc3 Nb4 9. Qd2 e6 10. Nge2 Nd3+ 11. Kf1 Nb4 12. a3 N4d5 13. h4 h6 14. Rc1 c6
15. Nf4 Nxf4 16. Bxf4 Be7 17. g3 Qd7 18. Be3 O-O 19. Qe2 c5 20. g4 Bh7 21. Rd1
c4 22. Bxc4 Qc6 0-1

[Event "Copenhagen Chess Challenge 2017"]
[Site "Ballerup"]
[Date "2017.05.14"]
[Round "9.30"]
[White "Bendixen, Daniel"]
[Black "Larsen, Ulrik"]
[Result "1/2-1/2"]
[WhiteElo "1855"]
[BlackElo "1938"]
[PlyCount "70"]
[EventDate "2017.05.10"]

1. e4 e5 2. Nf3 Nc6 3. Bc4 Nf6 4. d3 Bc5 5. O-O a6 6. Be3 Bxe3 7. fxe3 O-O 8.
c3 d5 9. exd5 Nxd5 10. Bxd5 Qxd5 11. e4 Qc5+ 12. Kh1 Bg4 13. Qe2 Rad8 14. Na3
Rd7 15. Rad1 Rfd8 16. Rd2 b5 17. Rfd1 h6 18. Nc2 Qe7 19. Qe3 b4 20. d4 bxc3 21.
bxc3 Na5 22. Qe2 exd4 23. cxd4 Nc6 24. Qe3 Na5 25. Qe2 Nc6 26. Qe3 Rb8 27. d5
Ne5 28. Nxe5 Qxe5 29. Re1 Qb2 30. Nd4 Qb6 31. h3 Bh5 32. Nc6 Qxe3 33. Rxe3 Rb1+
34. Kh2 Rd1 35. Rf2 f6 1/2-1/2

[Event "Copenhagen Chess Challenge 2017"]
[Site "Ballerup"]
[Date "2017.05.14"]
[Round "9.31"]
[White "Nilssen, Ellen Fredericia"]
[Black "Liu, Casper Yukun"]
[Result "0-1"]
[WhiteElo "1926"]
[BlackElo "1803"]
[PlyCount "94"]
[EventDate "2017.05.10"]

1. d4 Nf6 2. c4 c5 3. e3 g6 4. Nf3 Bg7 5. Nc3 cxd4 6. exd4 b6 7. Be2 Bb7 8. O-O
Qc7 9. Nb5 Qd8 10. Bf4 O-O 11. Qc1 Nc6 12. d5 Nb4 13. Re1 a6 14. Nc3 a5 15. a3
Na6 16. Bh6 Nc5 17. Bxg7 Kxg7 18. Nd4 e5 19. dxe6 fxe6 20. Qe3 Nfe4 21. Nxe4
Nxe4 22. Bf3 Nc5 23. b4 Bxf3 24. bxc5 Bb7 25. cxb6 Rc8 26. Rec1 Rb8 27. c5 Bd5
28. Rab1 Qf6 29. c6 e5 30. c7 exd4 31. cxb8=Q dxe3 32. Qg3 exf2+ 33. Kf1 Bb7
34. Qd3 Qd6 35. Qb5 Qxh2 36. Qxd7+ Rf7 37. Qd4+ Kg8 38. Rc8+ Bxc8 39. Qd8+ Kg7
40. Qd4+ Rf6 41. b7 Qg1+ 42. Ke2 f1=Q+ 43. Rxf1 Qxf1+ 44. Kd2 Qf2+ 45. Qxf2
Rxf2+ 46. Ke3 Bxb7 47. Kxf2 Kf6 0-1

[Event "Copenhagen Chess Challenge 2017"]
[Site "Ballerup"]
[Date "2017.05.14"]
[Round "9.32"]
[White "Christophersen, David"]
[Black "Larsen, Preben R"]
[Result "0-1"]
[WhiteElo "1788"]
[BlackElo "1841"]
[PlyCount "58"]
[EventDate "2017.05.10"]

1. c4 Nf6 2. g3 e6 3. Bg2 Be7 4. Nc3 O-O 5. d4 d5 6. c5 b6 7. b4 a5 8. Ba3 axb4
9. Bxb4 Na6 10. a3 bxc5 11. dxc5 Nxc5 12. Nf3 Ncd7 13. Qb3 c5 14. Nxd5 Nxd5 15.
Bd2 Qc7 16. Bg5 Bxg5 17. Nxg5 Qa5+ 18. Kf1 Rb8 19. Qc2 N7f6 20. e4 Qc3 21. Qd1
Ba6+ 22. Kg1 Ne3 23. Qc1 Qxc1+ 24. Rxc1 Nxg2 25. Kxg2 h6 26. h4 hxg5 27. hxg5
Nxe4 28. Rh4 Nxg5 29. Rch1 Bb7+ 0-1

[Event "Copenhagen Chess Challenge 2017"]
[Site "Ballerup"]
[Date "2017.05.14"]
[Round "9.33"]
[White "Winther, Bjarke Rosenborg"]
[Black "Kvaloy, Aksel Bu"]
[Result "0-1"]
[WhiteElo "1784"]
[BlackElo "1706"]
[PlyCount "114"]
[EventDate "2017.05.10"]

1. e4 c5 2. Nf3 Nc6 3. d4 cxd4 4. Nxd4 g6 5. Nc3 Bg7 6. Be3 Nf6 7. Be2 O-O 8.
Qd2 d5 9. exd5 Nxd5 10. Nxd5 Qxd5 11. Bf3 Qd8 12. Nxc6 bxc6 13. Qxd8 Rxd8 14.
O-O Bf5 15. Bxc6 Rac8 16. Ba4 Bxc2 17. Bxc2 Rxc2 18. Bxa7 Rxb2 19. Rad1 Rxd1
20. Rxd1 Rxa2 21. Bc5 Bf6 22. Rd8+ Kg7 23. g3 Rc2 24. Bb4 Rc7 25. Kg2 Bc3 26.
Bxc3+ Rxc3 27. Rd4 f5 28. h4 Kf6 29. Rd8 e5 30. Rd7 h5 31. Rd6+ Kf7 32. Rd7+
Ke6 33. Rg7 Kf6 34. Rb7 f4 35. gxf4 exf4 36. Rb5 Rc1 37. Kf3 Rh1 38. Rb6+ Kg7
39. Kxf4 Rxh4+ 40. Kg3 Rg4+ 41. Kh2 Kh6 42. f3 Ra4 43. Rb5 h4 44. Kh3 g5 45.
Rb6+ Kh5 46. Rb8 Ra1 47. Rh8+ Kg6 48. Rg8+ Kf5 49. Rf8+ Ke5 50. Kg2 Ra2+ 51.
Kh3 Rf2 52. Kg4 Rg2+ 53. Kh5 h3 54. Kg6 h2 55. Rh8 Kf4 56. Rh3 g4 57. fxg4 Kxg4
0-1

[Event "Copenhagen Chess Challenge 2017"]
[Site "Ballerup"]
[Date "2017.05.14"]
[Round "9.34"]
[White "Van den Brink, Nienke"]
[Black "Hentley, Darryl"]
[Result "1-0"]
[WhiteElo "1756"]
[BlackElo "1643"]
[PlyCount "67"]
[EventDate "2017.05.10"]

1. e4 e6 2. d4 c5 3. c3 Nc6 4. f4 g6 5. Nf3 Bg7 6. e5 b6 7. Nbd2 Nge7 8. Ne4
O-O 9. Nd6 Nf5 10. Nxf5 exf5 11. d5 Na5 12. Be2 Bb7 13. b4 b5 14. bxa5 Qxa5 15.
Bd2 Bxd5 16. c4 Bxf3 17. Bxa5 Bxg2 18. Rg1 Be4 19. Bd3 b4 20. a3 Rab8 21. Bxe4
fxe4 22. Bc7 Rb7 23. Bd6 Re8 24. Bxc5 a5 25. axb4 axb4 26. Rb1 Rc8 27. Rxb4
Rxb4 28. Bxb4 Rxc4 29. Ba3 h5 30. Qxd7 Rc3 31. e6 Rxa3 32. Qxf7+ Kh8 33. Qe8+
Kh7 34. Qxg6+ 1-0

[Event "Copenhagen Chess Challenge 2017"]
[Site "Ballerup"]
[Date "2017.05.14"]
[Round "9.35"]
[White "Kallenbach, Uffe"]
[Black "Sundin, Sven Ingvar"]
[Result "0-1"]
[WhiteElo "1698"]
[BlackElo "1605"]
[PlyCount "75"]
[EventDate "2017.05.10"]

1. e4 c5 2. c3 d6 3. Nf3 Nc6 4. d4 cxd4 5. cxd4 Bg4 6. Be2 e6 7. Nbd2 Nf6 8.
O-O Qb6 9. Nc4 Qc7 10. d5 exd5 11. exd5 Ne7 12. Ne3 Ng6 13. Nxg4 Nxg4 14. Bb5+
Kd8 15. Re1 Be7 16. Ng5 N4e5 17. Be3 h6 18. Ne4 f5 19. Rc1 Qb8 20. Nc3 Bg5 21.
g3 f4 22. Bd4 fxg3 23. Rc2 gxh2+ 24. Kxh2 Rf8 25. Be2 Bf4+ 26. Kg1 Qc8 27. Bxe5
Nxe5 28. Kg2 Qf5 29. Bb5 Qg5+ 30. Kh3 Qf5+ 31. Kg2 Rf6 32. Ne4 Rg6+ 33. Ng3
Bxg3 34. fxg3 Rc8 35. Rf2 Qg5 36. Qf3 Nxf3 37. Re8+ Kc7 38. Rc2+ 0-1